000 01611nam a2200373 i 4500
999 _c65192
_d65192
001 768714001
003 CO-MdFUSB
005 20190917143016.0
008 190906t2004 spad|||| |||| 00| 0 spa d
020 _a8433962132
040 _aCO-MdFUSB
_bspa
_cCO-MdFUSB
_dCO-MdFUSBC
_erda
041 _aspa
_hfre
082 _223
_a339.47
_bL764
100 _aLipovetsky, Guilles.
_eautor
240 _aLe luxe éternel.
245 1 3 _aEl lujo eterno :
_bde la era de lo sagrado al tiempo de las marcas.
_c/ Guilles Lipovetsky ; Elyette Roux ; traducido por Rosa Alapont.
264 1 _aBarcelona, España :
_bAnagrama,
_c[2004]
264 4 _c© 2004
300 _a205 páginas
_c; 22 cm.
336 _2rdacontent
_atexto
_btxt
337 _2rdamedia
_asin mediación
_bn
338 _2rdacarrier
_avolumen
_bnc
490 _aArgumentos
505 _aLujo eterno, lujo emocional. / Gilles Lipovetsky. -- Lo sagrado, el Estado y el lujo. -- Lujos modernos, lujos posmodernos. -- La feminización del lujo. -- El lujo y el sexto sentido. -- Tiempo de lujo, tiempo de marcas. / Elyette Roux. -- El lujo entre prestigio y mercado de masas. -- Deslizamientos progresivos de las significaciones del lujo. -- Marca de lujo: legitimidad e identidad. -- Lujo y tiempo de marcas.
563 _aRústico
650 0 _95
_aSociología de la cultura
650 7 _92452
_aConsumismo
_2embne
650 7 _92451
_aCapitalismo
_2embne
653 _aMarcas de fábrica -- Aspectos sociales.
700 _92370
_aRoux, Elyette.
_eautor
700 _92371
_aAlapont, Rosa.
_etraductor
942 _cBK
945 _aJTF-925